000 006290000a22001810004500
003 MACL
005 20160113111407.0
008 160113b xxu||||| |||| 00| 0 eng d
040 _aMACL
_cMACL
041 _aHindi
082 _a080
100 _aरचना प्रियदर्शनी
_931597
245 _aकैसे पाएॅ साक्षात्‍कार में सफलता
260 _bटथ्‍श्रळनत्‍ प्‍थ्‍बल्‍क्‍ैश्‍ज्ञनस्‍
_c2014
350 _a115
650 _2सामान्‍य की
942 _cHIN
_k080
_2ddc
999 _c49122
_d49122